000 00639pam a2200181 a 4500
020 _a0471090271
082 0 0 _a624.171076
_bSZU
100 1 _aSzuladzinski, Gregory,
_942871
245 1 0 _aDynamics of structures and machinery :
_bproblems and solutions /
_cGregory Szuladzinski.
260 _aNew York :
_bWiley,
_cc1982.
300 _axi, 297 p. ;
_c29 cm.
500 _a"A Wiley-Interscience publication."
526 _a0
_b0
_c0
_d624_171076000000000_SZU
650 0 _aMachinery, Dynamics of
_xProblems, exercises, etc.
_942872
650 0 _aMCE
_9379
650 0 _aStructural dynamics
_xProblems, exercises, etc.
_942873
942 _2ddc
_cBK
999 _c546690
_d546690